000 00642nam a2200181 a 4500
008 120416s1982 ||||||||||||||||| || u
020 _a9221029468
050 _aHB 846 Tar
100 _aRichards, Peter J
245 1 0 _aTarget setting for basic needs
_cedited by P.J. Richards
246 _athe operation of selected government services
260 _aGeneva
_bILO
_c1982
350 _a0.00
650 _aGOVERNMENT POLICY
650 _aGOVERNMENT
700 _aLeonor, Mauricio D
995 _D0.00
_FCBU-MAIN LIBRARY (Kitwe)
_H1
_I52.50
_M1
_UAVAILABLE
_ZAnnex Low-Usage Collection
999 _c59383
_d59383